Borussia Dortmund Kader 25/26 - Statistiken

Allgemein
  • Dieses Quiz wurde 68 mal gespielt
  • Das Durchschnittsergebnis liegt bei 21 aus 28
Antwortstatistiken
Nr. Spieler % Korrekt
1 Gregor Kobel
100%
4 Nico Schlotterbeck
98%
10 Julian Brandt
95%
8 Felix Nmecha
93%
26 Julian Ryerson
91%
27 Karim Adeyemi
91%
9 Serhou Guirassy
90%
33 Alexander Meyer
88%
7 Jobe Bellingham
88%
25 Niklas Süle
86%
23 Emre Can
84%
3 Waldemar Anton
83%
13 Pascal Groß
81%
2 Yan Couto
81%
14 Maximilian Beier
78%
20 Marcel Sabitzer
76%
24 Daniel Svensson
74%
5 Ramy Bensebaini
72%
21 Fabio Silva
66%
6 Salih Özcan
59%
17 Carney Chukwuemeka
57%
16 Julien Duranville
57%
37 Cole Campbell
53%
28 Aaron Anselmino
52%
42 Almugera Kabar
50%
39 Filippo Mane
50%
30 Patrick Drewes
41%
31 Silas Ostrzinski
17%
Keine übereinstimmenden Quizze gefunden
Verteilung der Resultate
Anzahl Personen mit jedem Resultat
Perzentil nach korrekt beantworteten Fragen
Ihre Resultats-Entwicklung
Sie haben dieses Quiz noch nicht gespielt